000 00449nam a2200169Ia 4500
003 GCL
008 140319s9999 xx 000 0 eng d
040 _aGCL /
_cGCL
082 0 4 _a620.11
_bHS
100 1 _aHIBBELER, R.C
245 1 0 _aSTATICS AND MECHANICS OF MATERIALS /
_cHIBBELER, R.C
260 _a[S.N] :
_bMACMILLAN PUBLISHING COMPANY ،
_c1903
300 _a805 P
650 0 4 _aSTATICS
650 0 4 _aSTRUCTURAL ANALYSIS
942 _2ddc
_cBK
999 _c18750
_d18750